| 000 | 00965 a2200193 4500 | ||
|---|---|---|---|
| 003 | NUST | ||
| 005 | 20221107171617.0 | ||
| 010 | _a 76004006 | ||
| 020 | _a0024731706 | ||
| 040 | _cNust | ||
| 082 | 0 | 0 | _a512,ASH |
| 100 | 1 |
_aAshley, John P. _967739 |
|
| 245 | 1 | 0 |
_aPrinciples of intermediate algebra / _cJohn P. Ashley. |
| 260 |
_aEncino, Calif. : _bGlencoe Press, _cc1977. |
||
| 300 |
_avii, 438 p. : _bill. ; _c24 cm. |
||
| 505 | _aNumbers and the Number Line (Page-1),Properties of Real Numbers (Page-36),Polynomials (Page-79), Open Sentences in One Variable (Page-108), Fractions ad Fractional Equations (Page-132), Powers, Roots and Radicals (Page-160), Quadratic Equations (Page-191), Linear Relations (Page-211), Systems of Linear Equations (Page-240), Quadratic Relations (Page-285), Sequences and Series (Page-318), Permutations, Combinations and Probability (Page-337), Logarithms (Page-357). | ||
| 650 | 0 |
_aAlgebra. _98509 |
|
| 942 |
_2ddc _cBK _k512,ASH |
||
| 999 |
_c181715 _d181715 |
||